| 000 | 01219cam a2200337 i 4500 | ||
|---|---|---|---|
| 999 |
_c200446248 _d64460 |
||
| 001 | 200446248 | ||
| 003 | TR-AnTOB | ||
| 005 | 20240810073811.0 | ||
| 007 | ta | ||
| 008 | 010111s2000 tu d 000 0 tur d | ||
| 020 | _a9751925541 | ||
| 035 | _a(TR-AnTOB)200446248 | ||
| 040 |
_aBGZ _beng _erda _cBGZ _dTR-AnTOB |
||
| 041 | 0 | _atur | |
| 050 | 4 |
_aQC989.T9 _bİ35 2000 |
|
| 090 |
_aQC989.T9 _bİ35 2000 |
||
| 245 | 0 | 0 |
_aİklim değişikliği : _bÖzel İhtisas Komisyonu raporu / _cDPT. |
| 246 | 3 | _aSekizinci beş yıllık kalkınma planı Özel İhtisas Komisyonu raporu : iklim değişikliği. | |
| 264 | 1 |
_aAnkara : _bDPT, _c2000. |
|
| 300 |
_avi, 116 pages : _btables. ; _c27 cm |
||
| 336 |
_atext _btxt _2rdacontent |
||
| 337 |
_aunmediated _bn _2rdamedia |
||
| 338 |
_avolume _bnc _2rdacarrier |
||
| 490 | 0 |
_aSekizinci beş yıllık kalkınma planı ; _vyayın no :DPT:2532-ÖİK:548 |
|
| 651 | 7 |
_aTürkiye _xİklim _2etuturkob _920332 |
|
| 710 | 2 |
_aDevlet Planlama Teşkilatı (Türkiye) _934114 |
|
| 856 | 4 | 1 |
_zOnline access link to the resource _uhttps://www.sbb.gov.tr/wp-content/uploads/2018/11/08_%C4%B0klimDegisikligi.pdf |
| 942 |
_2lcc _cBK |
||